Legend of Zelda Dungeon Items - Statistics

General Stats
  • This quiz has been taken 99 times
  • The average score is 56 of 101
Answer Stats
Game Dungeon Item % Correct
Ocarina of Time Jabu-Jabu's Belly Boomerang
97%
Wind Waker Forbidden Woods Boomerang
97%
Phantom Hourglass Temple of Fire Boomerang
97%
Spirit Tracks Snow Temple Boomerang
97%
The Legend of Zelda The Eagle(Level 1) Bow/Boomerang
97%
Twilight Princess Forest Temple Gale Boomerang
97%
Majora's Mask Woodfall Temple Hero's Bow
95%
Wind Waker Tower of the Gods Hero's Bow
95%
A Link to the Past Eastern Palace Bow
94%
Phantom Hourglass Temple of Courage Bow
94%
Skyward Sword Sandship Bow
94%
Spirit Tracks Fire Temple Bow and Arrow
94%
Ocarina of Time Forest Temple Fairy Bow
94%
Twilight Princess Lakebed Temple Clawshot
92%
A Link to the Past Swamp Palace Hookshot
92%
Link's Awakening Catfish's Maw Hookshot
92%
Majora's Mask Pirate's Fortress Hookshot
92%
Wind Waker Wind Temple Hookshot
92%
Ocarina of Time Dodongo's Cavern Bomb Bag
89%
Skyward Sword Earth Temple Bomb Bag
89%
Twilight Princess Goron Mines Hero's Bow
89%
Ocarina of Time Fire Temple Megaton Hammer
86%
Wind Waker Forsaken Fortress Skull Hammer
86%
Ocarina of Time Ice Cavern Iron Boots
85%
Ocarina of Time Deku Tree Fairy Slingshot
83%
Oracle of Seasons Dancing Dragon Dungeon Slingshot
82%
A Link to the Past Dark Palace Magic Hammer
78%
Ocarina of Time Spirit Temple Silver Gauntlets/Mirror Shield
78%
Phantom Hourglass Mutoh's Temple Hammer
77%
A Link to the Past Turtle Rock Mirror Shield
75%
Link's Awakening Eagle's Tower Mirror Shield
75%
Majora's Mask Beneath the Well Mirror Shield
75%
Wind Waker Earth Temple Mirror Shield
75%
Majora's Mask Stone Tower Temple` Light Arrows
71%
Ocarina of Time Water Temple Longshot
71%
Ocarina of Time Bottom of the Well Lens of Truth
69%
A Link to the Past Skull Woods Fire Rod
68%
Majora's Mask Snowhead Temple Fire Arrows
66%
Majora's Mask Great Bay Temple Ice Arrows
66%
Phantom Hourglass Temple of Wind Bombs
65%
Spirit Tracks Ocean Temple Whip
65%
Skyward Sword Ancient Cistern Whip
65%
Wind Waker Dragon Roost Cavern Grappling Hook
63%
Phantom Hourglass Temple of Ice Grappling Hook
63%
Ocarina of Time Shadow Temple Hover Boots
63%
Twilight Princess Arbiter's Grounds Spinner
62%
Twilight Princess Snowpeak Ruins Ball and Chain
58%
Skyward Sword Skyview Temple Beetle
58%
Ocarina of Time Ganon's Castle Golden Gauntlets
54%
Link's Awakening Tail Cave Roc's Feather
54%
Oracle of Seasons Poison Moth's Lair Roc's Feather
54%
Oracle of Ages Wing Dungeon Roc's Feather
54%
Minish Cap Temple of Droplets Flame Lantern
52%
Link's Awakening Key Cavern Pegasus Boots
52%
The Legend of Zelda The Snake(Level 4) Stepladder
51%
Twilight Princess Temple of Time Dominion Rod
49%
The Legend of Zelda The Manji(Level 3) Raft
49%
The Adventure of Link Island Palace Raft
49%
The Legend of Zelda Death Mountain(Level 9) Silver Arrow
48%
Oracle of Seasons Explorer's Crypt Roc's Cape
46%
Minish Cap Palace of Winds Roc's Cape
46%
Skyward Sword Lanayru Mining Facility Gust Belllows
43%
A Link to the Past Desert Palace Power Glove
43%
Oracle of Ages Ancient Tomb Power Glove
43%
Minish Cap Deepwood Shrine Gust Jar
42%
Link's Awakening Face Shrine Level 2 Power Bracelet
40%
Link's Awakening Bottle Grotto Power Bracelet
40%
Oracle of Seasons Snake's Remains Power Bracelet
40%
Oracle of Ages Spirit's Grave Power Bracelet
40%
A Link to the Past Misery Mire Cane of Somaria
37%
Oracle of Ages Crown Dungeon Cane of Somaria
37%
Twilight Princess City in the Sky Double Clawshots
37%
A Link to the Past Ice Palace Blue Mail
32%
A Link to the Past Tower of Hera Moon Pearl
32%
A Link to the Past Ganon's Tower Red Mail
32%
The Adventure of Link Ocean Palace Flute
31%
Link's Awakening Turtle Rock Magic Rod
31%
Spirit Tracks Sand Temple Sand Wand
31%
Oracle of Ages Moonlit Grotto Seed Shooter
31%
Link's Awakening Angler's Tunnel Flippers
28%
The Adventure of Link Parapa Palace Candle
26%
Minish Cap Fortress of Winds Mole Mitts
26%
A Link to the Past Gargoyle's Domain Titan's Mitt
26%
Skyward Sword Fire Sanctuary Mogma Mitts
25%
Minish Cap Cave of Flames Cane of Pacci
23%
Oracle of Seasons Unicorn's Cave Magnetic Gloves
23%
Oracle of Seasons Gnarled Root Dungeon Seed Satchel
22%
The Legend of Zelda The Lizard(Level 5) Whistle
22%
Oracle of Ages Skull Dungeon Switch Hook
20%
Spirit Tracks Forest Temple Whirlwind
18%
The Adventure of Link Maze Palace Boots
17%
Oracle of Seasons Sword and Shield Maze Hyper Slingshot
15%
The Legend of Zelda The Demon(Level 7) Red Candle
15%
Oracle of Seasons Ancient Ruins L-2 Magical Boomerang
14%
The Legend of Zelda The Moon(Level 2) Magical Boomerang
14%
Twilight Princess Palace of Twilight Light Sword
12%
The Adventure of Link Hidden Palace Cross
11%
The Legend of Zelda The Lion(Level 8) Magical Key
9%
Oracle of Ages Jabu-Jabu's Belly Long Switch
8%
The Legend of Zelda The Dragon(Level 6) Magical Wand
6%
The Adventure of Link Midoro Palace Handy Glove
5%
No matching quizzes found
Score Distribution
Percent of People with Each Score
Percentile by Number Answered
Your Score History
You have not taken this quiz